| 000 | 00404 a2200145 4500 | ||
|---|---|---|---|
| 001 | 166453 | ||
| 020 | _a | ||
| 040 | _cMagnum | ||
| 100 | _aCarraher, Terezinha Nunes | ||
| 240 | 1 | 0 |
_aAprender pensando: contribuicoes da psicologia cognitiva para a educa. _lpor |
| 245 | 1 | 0 | _aAprender pensando: contribuicoes da psicologia cognitiva para a educa. |
| 362 | 0 | _a1899 | |
| 697 | _aPEDAGOGIA | ||
| 942 | _cBK | ||
| 999 |
_c166453 _d166453 |
||